Learning Resource and Development

Nursing research. (Record no. 30817)

MARC details
000 -LEADER
fixed length control field 01488nam a2200409 i 4500
003 - CONTROL NUMBER IDENTIFIER
control field CSPC
005 - DATE AND TIME OF LATEST TRANSACTION
control field 20260105110138.0
008 - FIXED-LENGTH DATA ELEMENTS--GENERAL INFORMATION
fixed length control field 251103s2017 mdubu j b 00 0 eng d
022 ## - INTERNATIONAL STANDARD SERIAL NUMBER
International Standard Serial Number 0029-6562
040 ## - CATALOGING SOURCE
Original cataloging agency CSPC
Language of cataloging eng
Transcribing agency CSPC
Description conventions rda
050 00 - LIBRARY OF CONGRESS CALL NUMBER
Classification number RT81.5
Item number .N86
082 00 - DEWEY DECIMAL CLASSIFICATION NUMBER
Classification number 610.73072
Item number N938
245 00 - TITLE STATEMENT
Title Nursing research.
246 33 - VARYING FORM OF TITLE
Title proper/short title Nursing research :
Remainder of title advancing the science improving patient care.
264 #1 - PRODUCTION, PUBLICATION, DISTRIBUTION, MANUFACTURE, AND COPYRIGHT NOTICE
Place of production, publication, distribution, manufacture Hagerstown, Maryland :
Name of producer, publisher, distributor, manufacturer Wolters Kluwer,
Date of production, publication, distribution, manufacture, or copyright notice 2017.
300 ## - PHYSICAL DESCRIPTION
Extent volumes :
Other physical details illustrations ;
Dimensions 27 cm.
310 ## - CURRENT PUBLICATION FREQUENCY
Current publication frequency Bimonthly.
336 ## - CONTENT TYPE
Source rdacontent
Content type term text
337 ## - MEDIA TYPE
Source rdamedia
Media type term unmediated
338 ## - CARRIER TYPE
Source rdacarrier
Carrier type term volume
362 0# - DATES OF PUBLICATION AND/OR SEQUENTIAL DESIGNATION
Dates of publication and/or sequential designation Volume 66, Number 1
362 0# - DATES OF PUBLICATION AND/OR SEQUENTIAL DESIGNATION
Dates of publication and/or sequential designation Volume 66, Number 2
362 0# - DATES OF PUBLICATION AND/OR SEQUENTIAL DESIGNATION
Dates of publication and/or sequential designation Volume 66, Number 3
362 0# - DATES OF PUBLICATION AND/OR SEQUENTIAL DESIGNATION
Dates of publication and/or sequential designation Volume 66, Number 4
362 0# - DATES OF PUBLICATION AND/OR SEQUENTIAL DESIGNATION
Dates of publication and/or sequential designation Volume 66, Number 5
362 0# - DATES OF PUBLICATION AND/OR SEQUENTIAL DESIGNATION
Dates of publication and/or sequential designation Volume 66, Number 6
490 1# - SERIES STATEMENT
Series statement Official Journal of the Eastern Nursing Research Society and the Western Institute of Nursing
504 ## - BIBLIOGRAPHY, ETC. NOTE
Bibliography, etc. note Includes bibliographical references.
521 ## - TARGET AUDIENCE NOTE
Target audience note College of Health and Sciences CHS
650 #0 - SUBJECT ADDED ENTRY--TOPICAL TERM
Topical term or geographic name entry element Nursing
General subdivision Periodicals.
650 #0 - SUBJECT ADDED ENTRY--TOPICAL TERM
Topical term or geographic name entry element Education
Form subdivision Nursing
General subdivision Periodicals.
650 #0 - SUBJECT ADDED ENTRY--TOPICAL TERM
Topical term or geographic name entry element Nursing
Form subdivision Research
General subdivision Periodicals.
655 ## - INDEX TERM--GENRE/FORM
Genre/form data or focus term Serials.
700 1# - ADDED ENTRY--PERSONAL NAME
Personal name Henly, Susan J.,
Relator term editor.
942 ## - ADDED ENTRY ELEMENTS (KOHA)
Source of classification or shelving scheme Dewey Decimal Classification
Suppress in OPAC No
Koha item type Serials
Classification part 610.73072
Item part N938
Call number prefix SER
Call number suffix 2017
Holdings
Withdrawn status Lost status Source of classification or shelving scheme Damaged status Not for loan Home library Current library Shelving location Date acquired Serial Enumeration / chronology Total Checkouts Full call number Barcode Date last seen Copy number Price effective from Koha item type Public note
    Dewey Decimal Classification   Not For Loan Main Library Main Library Serials 11/03/2025 January/February 2017 Volume 66, Number 1   Ser NUR 20 v.66 n.1 2017 01280S 11/03/2025 1-1 11/03/2025 Continuing Resources Journal
    Dewey Decimal Classification   Not For Loan Main Library Main Library Serials 11/03/2025 March/April 2017 Volume 66, Number 2   Ser NUR 20 v.66 n.2 2017 01281S 11/03/2025 1-1 11/03/2025 Continuing Resources Journal
    Dewey Decimal Classification   Not For Loan Main Library Main Library Serials 11/03/2025 May/June 2017 Volume 66, Number 3   Ser NUR 20 v.66 n.3 2017 01282S 11/03/2025 1-1 11/03/2025 Continuing Resources Journal
    Dewey Decimal Classification   Not For Loan Main Library Main Library Serials 11/03/2025 July/August 2017 Volume 66, Number 4   Ser NUR 20 v.66 n.4 2017 01283S 11/03/2025 1-1 11/03/2025 Continuing Resources Journal
    Dewey Decimal Classification   Not For Loan Main Library Main Library Serials 11/03/2025 September/October 2017 Volume 66, Number 5   Ser NUR 20 v.66 n.5 2017 01284S 11/03/2025 1-1 11/03/2025 Continuing Resources Journal
    Dewey Decimal Classification   Not For Loan Main Library Main Library Serials 11/03/2025 November/December 2017 Volume 66, Number 6   Ser NUR 20 v.66 n.6 2017 01285S 11/03/2025 1-1 11/03/2025 Continuing Resources Journal